LEADER 01340nam a2200289 i 4500 001 000000138090 003 CaOOAMICUS 005 20050427000000.0 008 050427s2000 it u000 u ita u 013 $a111985 020 $a88-315-1896-8 040 $aSeMil$bita 240 10$aCinco mujeres oran los sentìdos.$0(OLS)http://semarc/title/201846 245 10$aPregare con i sensi :$bL'esperienza di cinque teologhe /$cIsabel Gòmez-Acebo (cur.) ... [et al.]. 260 $aMilano :$bPaoline,$ccopyr. 2000. 300 $a238 p. ;$c21 cm. 490 0 $aCammini nello Spirito : meditazione, spiritualità, teologia, biblica ;$v23. Meditazione 650 4$aSensi spirituali.$0(OLS)http://semarc/subject/17993 650 4$aPreghiera - Meditazioni.$0(OLS)http://semarc/subject/1470 700 1 $aGòmez-Acebo, Isabel.$0(OLS)http://semarc/name/55957 830 0$aCammini dello Spirito ;$v23. Meditazione.$0(OLS)http://semarc/title/419422 850 $aSeMil 852 $aSeMil$W1$xVenegono$y1$m3F II 686$j91600$B91600$CSeMilBibl$Z2$F97114 $81 961 $aRecupero: Seminario di Seveso 996 $6020$a88-315-1896-8$9(OLS)http://semarc/number/125955 996 $6245$aPregare con i sensi :$bL'esperienza di cinque teologhe$9(OLS)http://semarc/title/201845 996 $6260$aMilano :$bPaoline$9(OLS)http://semarc/publisher/29684 LEADER 01041nam a2200229 i 4500 001 000000179161 003 CaOOAMICUS 005 20250825144159.0 008 090505s1979 xxk u000 u mul u 040 $aSeMil$bita 245 10$a12: Books 40.-42. /$ctranslated by Evan T. Sage and Alfred C. Schlesinger. 300 $aIX, 521 p., [4] c. geog. ripieg. 490 1 $aThe Loeb Classical Library ;$v332 700 1 $aSchlesinger, Alfred Cary,$d<1900-1993>.$0(OLS)http://semarc/name/66462 700 1 $aSage, Evan Taylor,$d<1881-1936>.$0(OLS)http://semarc/name/66452 773 0 $aLivius, Titus <59 a.C.-17.d.C.>$tLivy.$dCambridge, Massachusetts : Harvard University Press ; London : Heinemann, 1979-1989.$g12$w()21188 830 4$aThe Loeb Classical Library ;$v332.$0(OLS)http://semarc/title/26868 850 $aSeMil 852 $aSeMil$W1$xVenegono$y1$m1Y I 13/12$j260845$B129926$CSeMilBibl$Z2$F141474 $81 961 $aOmaggio: Villa don Cesare 996 $6245$a12: Books 40.-42.$9(OLS)http://semarc/title/257268